<?xml version="1.0" encoding="UTF-8"?>
<record
    xmlns:xsi="http://www.w3.org/2001/XMLSchema-instance"
    xsi:schemaLocation="http://www.loc.gov/MARC21/slim http://www.loc.gov/standards/marcxml/schema/MARC21slim.xsd"
    xmlns="http://www.loc.gov/MARC21/slim">

  <leader>00436nam a2200133   4500</leader>
  <controlfield tag="008">708 C999c</controlfield>
  <datafield tag="020" ind1=" " ind2=" ">
    <subfield code="a">9788570196422</subfield>
  </datafield>
  <datafield tag="082" ind1=" " ind2=" ">
    <subfield code="a">708</subfield>
    <subfield code="b">C999c</subfield>
  </datafield>
  <datafield tag="100" ind1=" " ind2=" ">
    <subfield code="a">dos Anjos, Moacir (curadur&#xED;a)</subfield>
    <subfield code="9">6573</subfield>
  </datafield>
  <datafield tag="245" ind1=" " ind2=" ">
    <subfield code="a">C&#xE3;es sem plumas</subfield>
  </datafield>
  <datafield tag="260" ind1=" " ind2=" ">
    <subfield code="a">Recife</subfield>
    <subfield code="b">Funda&#xE7;&#xE3;o Joaquim Nabuco</subfield>
    <subfield code="c">2014</subfield>
  </datafield>
  <datafield tag="300" ind1=" " ind2=" ">
    <subfield code="a">152 p.</subfield>
    <subfield code="b">ill (col)</subfield>
    <subfield code="c">22 x 16 cm</subfield>
  </datafield>
  <datafield tag="650" ind1=" " ind2=" ">
    <subfield code="x">arte contempor&#xE1;neo</subfield>
    <subfield code="x">arte - exhibici&#xF3;n</subfield>
    <subfield code="x">Brasil</subfield>
    <subfield code="x">arte - posesiones</subfield>
    <subfield code="x">Fundaci&#xF3;n Joaquim Nabuco</subfield>
    <subfield code="9">6574</subfield>
  </datafield>
  <datafield tag="999" ind1=" " ind2=" ">
    <subfield code="c">1573</subfield>
    <subfield code="d">1573</subfield>
  </datafield>
  <datafield tag="952" ind1=" " ind2=" ">
    <subfield code="0">0</subfield>
    <subfield code="1">0</subfield>
    <subfield code="2">ddc</subfield>
    <subfield code="4">0</subfield>
    <subfield code="7">0</subfield>
    <subfield code="a">LV</subfield>
    <subfield code="b">LV</subfield>
    <subfield code="c">Eventos y Bienales</subfield>
    <subfield code="d">2018-08-04</subfield>
    <subfield code="l">0</subfield>
    <subfield code="o">708 C999c</subfield>
    <subfield code="p">004642</subfield>
    <subfield code="r">2018-08-04 00:00:00</subfield>
    <subfield code="w">2018-08-04</subfield>
    <subfield code="y">01</subfield>
  </datafield>
</record>
